[Event "EICC 2017"]
[Site "Minsk"]
[Date "2017.05.31"]
[Round "2"]
[White "Teterev, Vitaly"]
[Black "Melkumyan, Hrant"]
[Result "1/2-1/2"]
[WhiteElo "2487"]
[BlackElo "2613"]
[Annotator "TA"]
[PlyCount "145"]
[EventDate "2017.??.??"]
[EventCountry "BLR"]
[SourceTitle "playchess.com"]
[Source "ChessBase"]
[SourceQuality "1"]

{[%evp 9,145,14,21,15,22,21,45,40,28,36,40,21,31,32,37,37,38,41,32,23,39,27,30,10,18,16,35,25,62,11,21,10,22,8,35,40,98,101,103,111,100,82,126,118,139,143,160,122,147,147,143,146,139,101,94,0,147,143,144,144,145,141,148,151,143,131,123,115,122,122,125,133,143,154,162,104,117,110,135,109,133,109,149,130,152,113,122,138,185,185,177,165,187,176,179,90,93,84,100,97,159,125,135,95,102,63,68,67,49,8,10,10,8,8,14,8,10,0,0,0,0,0,0,0,83,0,0,0,0,0,0,0,0,0,0,0,0,-688]} 1. Nf3 d5 2. g3 Nd7 3. d4 Ngf6 4. Bg2 g6 (4... b5 5. O-O e6 6. b3 Ba6 7. Ne5 Nxe5 8. dxe5 Nd7 9. e4 c6 10. Re1 Be7 11. exd5 cxd5 12. Qg4 {½-½ (43) Fressinet,L (2717)-Morozevich,A (2731) Dubai 2014}) 5. c4 dxc4 6. Na3 {D02: 1 d4 d5 2 Nf3 sidelines, including 2...Nf6 3 g3 and 2...Nf6 3 Bf4} Nb6 7. Ne5 c6 8. Naxc4 $146 {White is slightly better.} ({Predecessor:} 8. e4 Be6 9. O-O Bg7 10. Be3 O-O 11. h3 Qc8 12. Kh2 Nfd7 {½-½ (47) Stefanova,A (2503)-Macek,V (2216) Rabac 2003}) 8... Nxc4 9. Nxc4 Be6 10. Qd3 Bg7 11. O-O O-O 12. Rd1 Qc8 13. b3 {[%cal Bb2b3,Bb3b4][%mdl 32]} Rd8 14. Bb2 Ne8 15. Rac1 Nd6 16. Na5 Qc7 17. b4 Qb6 18. a3 Bd5 19. e3 (19. e4 $14 Be6 20. Rc5) 19... f5 20. Nb3 Re8 21. Ba1 Rad8 22. Nc5 Bxg2 (22... e6 $14) 23. Kxg2 $16 e6 24. Qb3 Kf7 25. a4 {[%cal Ba3a4,Ba4a5][%mdl 32]} a6 26. a5 Qb5 27. Rd2 Rc8 28. Kg1 b6 29. axb6 Qxb6 30. Ra2 Ra8 31. Nd7 Qb7 {[#]} 32. Nc5 (32. Ne5+ $142 $1 Bxe5 33. dxe5) 32... Qb6 33. Bc3 Nb7 34. Rca1 Bf8 35. Nd7 Qb5 36. Ne5+ Kg8 37. Qc4 Nd6 38. Qxc6 {[%cal Ra2a6]} Rac8 39. Qxb5 axb5 40. Be1 Rc7 41. Ra6 Nc4 42. Rc1 ({Better is} 42. h4 $18) 42... Rec8 {Threatens to win with ...Nxe5.} 43. Nd3 Kf7 44. Rca1 Bd6 45. Kf1 g5 46. h3 {[%cal Bh2h3,Bh3h4][%mdl 32]} h5 47. Ra7 g4 48. h4 Rxa7 49. Rxa7+ Rc7 50. Ra6 Ke7 51. Ke2 Kf7 52. f3 (52. Nc5 $18) 52... gxf3+ 53. Kxf3 Ke7 54. Ra8 e5 (54... Kf6 $142) 55. dxe5 Bxe5 56. e4 Rd7 57. Nc5 fxe4+ 58. Kxe4 Rd1 59. Bf2 Bc3 $1 60. Ra7+ Kf6 61. Nd7+ Ke6 62. Nf8+ Kf6 63. Bc5 Nd6+ 64. Kf3 {aiming for Ra6.} Rd3+ 65. Ke2 Rd2+ 66. Kf3 {Hoping for Ra6.} Nc4 {[#]} (66... Rd3+ $11 67. Ke2 Rd2+ 68. Ke3 Kf5) 67. Nh7+ ({White should play} 67. Rh7 $1 $16 Ne5+ 68. Ke3) 67... Kf5 $11 {next ...Ne5+ is good for Black.The position is equal.} 68. Rf7+ Kg6 69. Rb7 Kf5 70. Rf7+ Kg6 71. Rb7 Kf5 72. Rf7+ Kg6 73. Ke4 $2 {[%mdl 40960] Precision: White = 55%, Black = 51%. . An unexpected result.} (73. Rb7 $11) 1/2-1/2

[Event "EICC 2017"]
[Site "Minsk"]
[Date "2017.05.31"]
[Round "2"]
[White "Schreiner, Peter"]
[Black "Alekseev, Evgeny"]
[Result "1/2-1/2"]
[WhiteElo "2483"]
[BlackElo "2610"]
[Annotator "TA"]
[PlyCount "22"]
[EventDate "2017.??.??"]
[EventCountry "BLR"]
[SourceTitle "playchess.com"]
[Source "ChessBase"]
[SourceQuality "1"]

{[%evp 10,22,41,30,21,14,43,43,29,23,44,43,74,49,44]} 1. Nf3 Nf6 2. g3 b6 3. Bg2 Bb7 4. c4 e6 5. O-O g6 6. d4 Bg7 {E16: Queen's Indian: 4 g3 Bb7 5 Bg2 Bb4+} 7. Bf4 (7. Nc3 O-O 8. d5 exd5 9. cxd5 Re8 10. Nd4 c5 11. dxc6 dxc6 12. Bf4 Nh5 13. Be3 Qd7 14. Nb3 Qe7 15. Qd2 Nd7 {0-1 (70) Inarkiev,E (2732)-Hou,Y (2658) Petropavlovsk Kamchatsky 2016}) 7... d6 8. Qc2 O-O 9. Nc3 Nbd7 10. Rad1 $146 ({Predecessor:} 10. e4 Qe7 11. Rad1 e5 12. Bc1 c6 13. Rfe1 Rfe8 14. b3 {½-½ (33) Amann,H (2186)-Kocks,F (2128) GER email 2013}) 10... Qe7 11. Rfe1 c6 1/2-1/2

[Event "EICC 2017"]
[Site "Minsk"]
[Date "2017.05.31"]
[Round "2"]
[White "Minasian, Artashes"]
[Black "Mchedlishvili, Mikheil"]
[Result "1-0"]
[WhiteElo "2480"]
[BlackElo "2605"]
[Annotator "TA"]
[PlyCount "101"]
[EventDate "2017.??.??"]
[EventCountry "BLR"]
[SourceTitle "playchess.com"]
[Source "ChessBase"]
[SourceQuality "1"]

{[%evp 13,101,15,23,14,24,0,0,14,43,21,43,-14,-9,-13,-10,-22,8,4,4,11,10,9,8,11,56,57,43,50,49,37,36,43,54,62,63,43,70,74,93,67,78,77,98,89,104,103,121,113,171,76,79,75,75,105,105,74,127,127,141,134,144,138,140,141,159,169,186,178,182,182,164,147,179,175,210,210,199,198,288,288,271,269,299,310,353,348,420,403,382,348]} 1. e4 c5 2. Nc3 e6 3. f4 Nc6 4. Nf3 a6 5. d4 cxd4 6. Nxd4 Nxd4 7. Qxd4 b5 8. Be3 {B46: Sicilian: Taimanov: 5 Nc3 a6} (8. Be2 Bb7 9. Be3 Rc8 10. a3 Nf6 11. Bf3 Rc4 12. Qd3 Qc7 13. O-O Bc5 14. Kh1 Bxe3 15. Qxe3 Qc5 {0-1 (53) Arribas Lopez,A (2559)-Ponomariov,R (2711) Linares 2015}) 8... Bb7 9. O-O-O Rc8 10. Kb1 {The position is equal.} Ne7 11. Be2 Nc6 $1 {[%cal Rc6d4]} 12. Qb6 ({White should play} 12. Qd2 $14) 12... Qxb6 $11 13. Bxb6 Bb4 14. Rd3 Ne7 $146 (14... Bxc3 $5 15. Rxc3 (15. bxc3 Ne7 $11) 15... Ne7 $11) ({Predecessor:} 14... Bxc3 15. Rxc3 {½-½ (15) Ulybin,M (2575)-Barlov,D (2490) Corte Ingles 1998}) 15. Rhd1 $36 {[%mdl 2048] White has some pressure.} Bxc3 16. Rxd7 {[#] Rd8+ would kill now.} ({Much worse is} 16. Rxc3 Rxc3 17. bxc3 Bxe4 $17) 16... Bd5 $1 17. Rc7 Rxc7 18. Bxc7 Bb4 19. a3 {[%mdl 1024] White has compensation.} Bc5 20. Bf3 Kd7 21. Be5 f6 22. Bc3 Kc6 23. exd5+ exd5 24. Re1 Bd6 25. g3 Rd8 26. b3 {[%cal Bb2b3,Bb3b4][%mdl 32]} Kd7 27. Kb2 Rc8 28. b4 Rf8 29. Kb3 Rc8 30. Ra1 Rc4 (30... Rb8 $16 31. a4 Bc7 32. axb5 axb5 33. Bg4+ Kc6) 31. a4 (31. Be2 $18 {is more deadly.}) 31... g5 $16 32. axb5 ({Don't play} 32. Bxf6 $6 Rxb4+ 33. Kc3 gxf4 $11) 32... axb5 33. Ra7+ Ke6 34. fxg5 fxg5 (34... Nc6 $142 35. Ra6 (35. Rxh7 d4 $16) 35... fxg5) 35. Be2 Nc6 36. Rxh7 Nd4+ 37. Bxd4 $1 Rxd4 {[%mdl 4096] Endgame KRB-KRB} 38. c3 Rd2 39. Rh6+ Ke7 40. Bxb5 Be5 41. Ba6 Rf2 42. Bb7 Rd2 43. Bc8 {aiming for Re6+.} Kd8 44. Bf5 Rf2 45. Bg4 Rf7 (45... Rd2 $142 46. Re6 Bc7) 46. Re6 $18 Re7 47. Kc2 Ke8 48. Kd3 Kf7 49. Rc6 Bf6 50. b5 Rb7 51. Rc5 {Precision: White = 67%, Black = 40%.} 1-0

[Event "EICC 2017"]
[Site "Minsk"]
[Date "2017.05.31"]
[Round "2"]
[White "Drozdowski, Kacper"]
[Black "Vocaturo, Daniele"]
[Result "0-1"]
[WhiteElo "2478"]
[BlackElo "2604"]
[Annotator "TA"]
[PlyCount "90"]
[EventDate "2017.??.??"]
[EventCountry "BLR"]
[SourceTitle "playchess.com"]
[Source "ChessBase"]
[SourceQuality "1"]

{[%evp 16,90,27,26,28,14,16,11,20,24,24,27,30,18,19,27,30,23,31,0,0,-45,-45,-45,-45,-45,-41,-32,-25,-47,-48,-77,-77,-82,-59,-51,-45,-52,-27,-29,-33,-121,-107,-221,-208,-208,-210,-203,-193,-213,-144,-133,-126,-127,-85,-68,-72,-85,-79,-197,-187,-195,-186,-177,-177,-170,-165,-518,-485,-29938,-12829,-7391,-6089,-5399,-5081,-4132,-4132]} 1. e4 {[%cal Be2e4,Be4e5][%mdl 32]} e6 2. d4 d5 3. Nd2 Be7 4. Ngf3 Nf6 5. e5 Nfd7 6. Bd3 c5 7. c3 Nc6 8. O-O g5 9. dxc5 Ndxe5 {C06: French Tarrasch: 3...Nf6 4 e5 Nfd7 5 Bd3 main lines} 10. Nxe5 Nxe5 11. Nb3 Nxd3 {The position is equal.} 12. Qxd3 a5 13. f4 O-O 14. Qg3 {[%cal Rf4g5]} Qc7 $146 ({Predecessor:} 14... a4 15. Nd4 Bxc5 16. fxg5 Bd6 17. Bf4 {1-0 (33) Mamedov,N (2564)-Braun,V (2334) Dresden 2008}) 15. Be3 f6 16. Rf3 {[%cal Rf4g5]} a4 17. Nd4 ({Not} 17. fxg5 $2 Qxg3 18. Rxg3 f5 $19) 17... Bxc5 18. fxg5 Qxg3 19. Rxg3 Bd6 20. Rf3 fxg5 21. Bxg5 Bd7 (21... a3 {keeps more tension.} 22. b3 Bd7 23. Re1 e5 24. Rg3 Kh8) 22. Re1 e5 $36 {[%mdl 2048] White is under pressure.} 23. Rxf8+ Rxf8 24. Nf3 Rf5 {White must now prevent ...e4.} 25. Be3 Bc6 26. Nh4 Rh5 27. Bf2 d4 28. g4 ({Better is} 28. cxd4 $15 exd4 29. Rd1) 28... Rg5 $17 29. Nf5 (29. h3 $17) 29... Rxg4+ $19 30. Bg3 Bf8 {...a3 is the strong threat.} 31. cxd4 exd4 {And now ...d3 would win.} 32. Ne7+ Kf7 33. Nxc6 bxc6 $17 {[%mdl 4096] Endgame KRB-KRB} 34. Kf2 Bg7 35. Rc1 d3 36. Rxc6 Re4 $1 ({Much worse is} 36... Bxb2 $6 37. Ke3 $11) 37. Kf3 (37. Rc1 $17 {was the only chance.}) 37... d2 $19 38. Rd6 Bd4 $1 ({Weaker is} 38... Rd4 39. Rxd4 Bxd4 40. Ke2 $11) 39. Kxe4 d1=Q 40. Rxd4 {KQ-KRB} Qe2+ 41. Kf4 $2 (41. Kd5 {was the crucial defense.}) 41... Qxb2 42. Rxa4 {[#]} (42. Rd7+ $19 Ke6 43. Rd3) 42... Qd2+ $1 43. Ke5 {[#]Black is clearly winning.} Qg5+ $1 44. Ke4 Qg4+ 45. Bf4 Qe2+ {Precision: White = 40%, Black = 75%.} 0-1

[Event "EICC 2017"]
[Site "Minsk"]
[Date "2017.05.31"]
[Round "2"]
[White "Girya, Olga"]
[Black "Pashikian, Arman"]
[Result "1/2-1/2"]
[WhiteElo "2476"]
[BlackElo "2603"]
[Annotator "TA"]
[PlyCount "98"]
[EventDate "2017.??.??"]
[EventCountry "BLR"]
[SourceTitle "playchess.com"]
[Source "ChessBase"]
[SourceQuality "1"]

{[%evp 9,98,18,16,0,7,14,9,2,51,18,14,11,18,9,37,35,70,63,68,61,68,60,64,74,75,76,81,71,70,70,76,65,72,72,75,68,62,44,55,52,46,38,58,32,36,35,52,53,44,44,44,0,0,7,23,0,0,0,0,0,0,0,1,0,4,2,8,0,0,0,0,0,0,0,0,0,0,0,0,0,0,0,0,0,0,0,0,0,0,0,0]} 1. d4 Nf6 2. c4 e6 3. Nc3 Bb4 4. Qc2 d5 5. cxd5 exd5 6. Bf4 {E35: Nimzo-Indian: Classical: 4...d5 5 cxd5 exd5} O-O 7. e3 c5 8. dxc5 Nbd7 $146 (8... Ne4 $5) ({Predecessor:} 8... Nc6 9. Nf3 Qa5 10. Bd3 Bxc5 11. O-O Nb4 12. Qd2 Nxd3 13. Qxd3 {1-0 (36) Riazantsev,A (2646)-Smirnov,P (2595) Khanty-Mansiysk 2015}) 9. Bd3 (9. a3 $5 {[%cal Ra3b4]} Bxc5 10. Nf3 $14) 9... Nxc5 {[#] Hoping for ...d4.} 10. Nge2 Nfe4 11. O-O {[%cal Rd3e4,Bh1f1,Bf1d1,Bd1d4][%mdl 32]} Bf5 12. Bxe4 dxe4 13. Ng3 $1 $36 {[%cal Rg3f5][%mdl 2048] White has good play.} Bg6 14. Rfd1 Qa5 15. Bd6 {[#] And now Nd5 would win.} ({Of course not} 15. Ngxe4 $6 Nxe4 16. Nxe4 Rac8 $15) 15... Rfe8 16. Nd5 Nd3 17. Nxb4 Nxb4 18. Bxb4 Qxb4 19. Rd4 Qb6 20. Rad1 Rac8 21. Qd2 h6 22. h3 {[%cal Bh2h3,Bh3h4,Bh4h5][%mdl 32]} Kh7 23. Rd5 f6 24. h4 Rc7 25. Rd7 Rec8 26. h5 Be8 27. Rxc7 Qxc7 28. Qd5 Bc6 29. Qf5+ Kh8 30. Nxe4 {Black must now prevent Nd6.} Rd8 31. Rxd8+ Qxd8 32. Nc3 Qd2 {The position is equal.} 33. Qc8+ Kh7 34. Qf5+ Kh8 35. Qb1 Be8 36. Ne4 Qd5 37. Ng3 Bxh5 38. Nxh5 (38. b3 {feels hotter.} Be8 39. Qc2 Qc6 40. Qb2 Qd7 41. f3) 38... Qxh5 $11 {[%mdl 4096] Endgame KQ-KQ} 39. Qd3 Qa5 40. Qc2 Qd5 41. e4 Qe6 42. b3 b6 43. f3 Qe5 44. Qc8+ Kh7 45. Qd7 a5 46. Qd8 Qc5+ 47. Kh2 Qe5+ 48. Kg1 Qc5+ 49. Kh2 Qe5+ {Precision: White = 69%, Black = 77%.} 1/2-1/2

[Event "EICC 2017"]
[Site "Minsk"]
[Date "2017.05.31"]
[Round "2"]
[White "Kantans, Toms"]
[Black "Neiksans, Arturs"]
[Result "1/2-1/2"]
[WhiteElo "2473"]
[BlackElo "2599"]
[Annotator "TA"]
[PlyCount "36"]
[EventDate "2017.??.??"]
[EventCountry "BLR"]
[SourceTitle "playchess.com"]
[Source "ChessBase"]
[SourceQuality "1"]

{[%evp 15,16,21,23]} 1. c4 c5 2. Nc3 Nc6 3. Nf3 Nf6 4. g3 g6 5. Bg2 d6 6. O-O Bg7 7. d4 cxd4 8. Nxd4 Bd7 {Predecessor:} 9. Nc2 $146 O-O 10. b3 Qc8 11. Re1 Bh3 12. Bh1 Ng4 13. Qd2 Rd8 14. Rb1 h5 15. Nd5 Nf6 16. Nf4 Bf5 17. e4 Bg4 18. f3 Bd7 {0-1 (48) Ganguly,S (2644)-Lu,S (2624) Liaocheng 2017} 1/2-1/2

[Event "EICC 2017"]
[Site "Minsk"]
[Date "2017.05.31"]
[Round "2"]
[White "Santos Ruiz, Miguel"]
[Black "Fedorov, Alexei"]
[Result "1/2-1/2"]
[WhiteElo "2473"]
[BlackElo "2598"]
[Annotator "TA"]
[PlyCount "68"]
[EventDate "2017.??.??"]
[EventCountry "BLR"]
[SourceTitle "playchess.com"]
[Source "ChessBase"]
[SourceQuality "1"]

{[%evp 27,68,50,53,36,54,41,53,50,58,48,49,48,29,30,45,22,23,26,19,24,38,15,21,20,33,10,10,10,10,0,0,0,0,0,0,0,0,0,0,0,0,0,0]} 1. e4 c5 2. Nf3 Nc6 3. d4 cxd4 4. Nxd4 e5 5. Nb5 {[%cal Bd4b5,Bb5a3,Ba3c2,Bc2e3][%mdl 32]} d6 6. c4 Be7 7. N1c3 a6 8. Na3 f5 9. exf5 Bxf5 10. Nc2 {B32: Sicilian: Löwenthal and Kalashnikov Variations} (10. Bd3 Be6 11. Qh5+ Bf7 12. Qh3 Nf6 13. O-O Nd4 14. Be3 Be6 15. Qh4 Nf5 16. Bxf5 Bxf5 17. Rad1 Qc8 18. c5 dxc5 {0-1 (61) Kasimdzhanov,R (2693)-Naiditsch,A (2706) Poznan 2014}) 10... Nf6 11. Ne3 Be6 12. g3 Nd4 13. Bg2 b5 14. cxb5 axb5 {LiveBook: 4 Games} 15. O-O O-O 16. Ncd5 Rc8 17. Bd2 {[%cal Bc1d2,Bd2c3,Bc3b4][%mdl 32]} Kh8 $146 ({Predecessor:} 17... Rc5 18. Nxe7+ Qxe7 {0-1 (61) Morales,J (2339)-Gallego Alcaraz,A (2445) Quibdo 2015}) 18. Bc3 Nf5 19. Nxf5 Bxf5 20. Nxe7 Qxe7 21. Bb4 Rfd8 22. Qe2 Rc4 23. a3 Qe8 24. Rfe1 Rc2 25. Qf3 Qg6 26. Qb7 {White wants to play Qb6.} Ng4 {The position is equal.} 27. Qe7 Rdc8 28. Qxd6 Qh5 29. h4 Nxf2 ({Much worse is} 29... Rxf2 $6 30. Rac1 $16) 30. Rxe5 {[#] Strongly threatening Rf1.} Nh3+ ({Don't blunder} 30... Ng4 $2 31. Re7 $18) 31. Bxh3 Qf3 32. Rxf5 Qe3+ 33. Kh1 {Threatening mate with Rf8+.} Qe4+ 34. Kg1 {[#] Rf8+ would kill now.} Qe3+ {Precision: White = 75%, Black = 73%.} 1/2-1/2

[Event "EICC 2017"]
[Site "Minsk"]
[Date "2017.05.31"]
[Round "2"]
[White "Neverov, Valeriy"]
[Black "Kulaots, Kaido"]
[Result "1/2-1/2"]
[WhiteElo "2472"]
[BlackElo "2597"]
[Annotator "TA"]
[PlyCount "97"]
[EventDate "2017.??.??"]
[EventCountry "BLR"]
[SourceTitle "playchess.com"]
[Source "ChessBase"]
[SourceQuality "1"]

{[%evp 19,97,20,24,29,31,18,45,0,0,0,0,0,0,0,0,0,60,56,59,22,71,68,72,-43,-47,-110,-125,-128,-11,-16,-21,-63,-72,-83,-99,-108,-102,-108,-104,-238,-174,-182,-170,-315,-313,-295,-304,-281,-222,-305,-224,-231,-231,-238,-245,-238,-245,-241,-236,-229,-201,-189,-150,-159,-139,-142,-36,-25,0,-5,0,0,0,0,0,0,0,0,0,0]} 1. d4 Nf6 2. c4 g6 3. Nc3 d5 4. cxd5 Nxd5 5. e4 Nxc3 6. bxc3 Bg7 7. Be3 c5 8. Nf3 Qa5 9. Qd2 O-O 10. Rc1 Nd7 11. Bd3 {D85: Exchange Grünfeld: Unusual White 7th moves and lines with 7 Nf3} e5 12. d5 f5 {...f4 is the strong threat.} 13. Bg5 {[#] White is slightly better.} c4 $146 ({Predecessor:} 13... Nf6 14. Nxe5 Nxe4 15. Bxe4 fxe4 16. Nc4 Qa6 17. Ne3 Bd7 18. c4 Rae8 {0-1 (49) Vovk,Y (2600)-Zubov,A (2604) Lvov 2017}) 14. Bxc4 fxe4 15. d6+ Kh8 16. Nh4 Qc5 17. Bb3 $1 Nf6 (17... Bf6 $11 18. O-O Bxg5 19. Nxg6+ (19. Qxg5 Qxd6 20. f3 Qb6+ 21. Kh1 Qf6 $11) 19... hxg6 20. Qxg5 Nf6 21. Qxg6 Bd7) 18. O-O $14 Bd7 19. Be3 Qc8 {[#]} 20. c4 $1 Bc6 21. h3 (21. c5 $16) 21... Nh5 $1 $15 22. g4 ({Better is} 22. f3 $15) 22... Nf4 $17 23. Kh2 Ne6 ({Black should play} 23... g5 $17 24. Ng2 Rf6) 24. c5 $11 Nd4 25. Rc4 {[%cal Rc4d4] Black must now prevent Rxd4.} Qd7 26. Rxd4 exd4 27. Bxd4 Bxd4 28. Qxd4+ Qg7 29. Qxg7+ (29. Qe3 $17) 29... Kxg7 $19 30. Kg1 {[#]} e3 $1 $36 {[%mdl 2560] Black is on the roll.} 31. f4 (31. fxe3 {was the only chance.} Rxf1+ 32. Kxf1) 31... e2 32. Re1 Rxf4 {And now ...Bb5 would win.} 33. Rxe2 Re8 34. Ng2 Rfe4 (34... Rxe2 $2 35. Nxf4 Rd2 36. Ne6+ Kf6 37. Nd8 $19) 35. Rd2 g5 36. Bd5 R4e5 37. Bxc6 bxc6 {[%mdl 4096] Endgame KRR-KRN} 38. Rc2 Kf7 39. Kf2 R8e6 40. Rc3 Rf6+ 41. Kg3 Ke6 42. h4 h6 (42... Kd7 $17 {Threatens to win with ...Rf8.} 43. hxg5 Rxg5) 43. h5 $1 $15 a5 {aiming for ...Re4.} 44. Ne3 {The position is equal.} a4 45. Nf5 Kd7 46. Rc4 a3 47. Rc3 Rfxf5 48. gxf5 Rxf5 49. Kg4 {Precision: White = 54%, Black = 67%.} 1/2-1/2

[Event "EICC 2017"]
[Site "Minsk"]
[Date "2017.05.31"]
[Round "2"]
[White "Sarana, Alexey"]
[Black "Bogdanovich, Stanislav"]
[Result "1/2-1/2"]
[WhiteElo "2472"]
[BlackElo "2596"]
[Annotator "TA"]
[PlyCount "80"]
[EventDate "2017.??.??"]
[EventCountry "BLR"]
[SourceTitle "playchess.com"]
[Source "ChessBase"]
[SourceQuality "1"]

{[%evp 14,80,34,23,47,8,59,70,70,85,82,67,70,84,75,67,62,49,48,45,38,29,79,45,74,45,55,54,64,33,40,19,19,19,19,19,19,19,18,19,16,12,13,17,10,12,11,14,14,0,0,0,12,10,12,0,40,33,54,8,8,8,25,8,8,0,12,0,8]} 1. d4 d5 2. c4 dxc4 3. Nf3 Nf6 4. e3 e6 5. Bxc4 c5 6. O-O Nc6 7. Qe2 a6 8. Rd1 Qc7 {D28: Queen's Gambit Accepted: Classical main line: 7 Qe2 with early ...Nc6} 9. a3 (9. Bb3 Be7 10. dxc5 Bxc5 11. Bd2 O-O 12. Nc3 Bd7 13. Rac1 Bd6 14. e4 Ng4 15. h3 Nge5 16. Nxe5 Bxe5 {½-½ (41) Lenderman,A (2600)-Bogdanovich,S (2591) Baku 2016}) 9... Bd6 (9... b5 $11 10. Bd3 Bb7) 10. dxc5 $14 Bxc5 {White is slightly better.} 11. b4 Bd6 12. Bb2 Ne5 13. Nbd2 Bd7 14. Rac1 {[#] Black must now prevent Bxa6.} Qb8 $1 15. Nxe5 Bxe5 16. Bxe5 Qxe5 17. Nf3 $146 Qh5 18. Bd3 Ba4 19. Re1 O-O 20. Rc5 Nd5 21. Rc4 Bb5 22. Rh4 Bxd3 23. Qxd3 ({Of course not} 23. Rxh5 Bxe2 24. Rxe2 Rfc8 $15) 23... Qg6 24. Qxg6 hxg6 25. Rc4 Rfc8 26. Rec1 Rxc4 27. Rxc4 $11 {[%mdl 4096] Endgame KRN-KRN} Nb6 28. Rc7 (28. Rd4 {seems wilder.} f6 29. Nd2 Rc8 30. h4 Nd5 31. Rc4) 28... Rc8 29. Rxc8+ $1 Nxc8 {KN-KN} 30. Kf1 Nd6 31. Ne5 g5 32. Ke2 Kf8 33. Kd3 Ke7 34. Nc4 g4 35. Ne5 f5 36. f3 gxf3 37. gxf3 Kf6 38. Nd7+ Ke7 {The position is equal.} 39. Ne5 Kf6 40. Nd7+ Ke7 $1 {Precision: White = 65%, Black = 64%.} 1/2-1/2

[Event "EICC 2017"]
[Site "Minsk"]
[Date "2017.05.31"]
[Round "2"]
[White "Karttunen, Mika"]
[Black "Howell, David W L"]
[Result "1/2-1/2"]
[WhiteElo "2465"]
[BlackElo "2684"]
[Annotator "TA"]
[PlyCount "115"]
[EventDate "2017.??.??"]
[EventCountry "BLR"]
[SourceTitle "playchess.com"]
[Source "ChessBase"]
[SourceQuality "1"]

{[%evp 12,115,28,14,35,39,54,52,54,43,55,43,59,59,60,36,47,54,51,19,56,0,50,50,52,45,64,43,77,37,43,35,48,24,19,26,44,0,35,-20,-10,-12,-8,-12,25,27,24,25,14,21,22,24,29,-39,-5,-54,42,58,76,88,83,33,55,11,0,0,0,12,56,7,40,17,72,76,77,77,76,76,85,77,85,84,89,10,10,10,10,10,0,0,0,0,0,0,0,0,0,0,0,0,0,0,0,0,0,0]} 1. c4 e5 2. Nc3 Nf6 3. e3 d5 4. cxd5 Nxd5 5. Nf3 Nxc3 6. bxc3 {A22: English Opening: 1...e5 2 Nc3 Nf6} Bd6 7. d4 {LiveBook: 21 Games} Nd7 8. Bd3 {White is slightly better.} Qe7 9. Qc2 b6 10. O-O $146 ({Predecessor:} 10. Be4 Rb8 11. O-O Bb7 12. Bxb7 Rxb7 13. e4 {1-0 (67) Milov,V (2675)-Atalik,E (2400) Ottawa 2007}) 10... Bb7 11. e4 O-O 12. Bg5 Qe6 13. h3 Be7 14. Be3 Rad8 15. Nd2 Qg6 16. Nf3 (16. f4 $14) 16... h6 17. Rfe1 Qe6 18. Rad1 Bf6 19. Nh2 Rfe8 20. f3 Bh4 21. Re2 Nf8 {[%cal Bd7f8,Bf8g6,Bg6f4][%mdl 32]} 22. Ng4 Ng6 23. d5 Qe7 24. c4 Bc8 25. Nh2 (25. c5 $14) 25... Nf4 26. Red2 c5 27. Kh1 Rd6 28. Bxf4 exf4 {[#]} 29. e5 $1 {[%mdl 512]} Rdd8 (29... Qxe5 30. Re2) 30. Re2 Qg5 31. Qc3 Re7 32. d6 (32. Bc2 $11) 32... Ree8 33. Be4 Kf8 ({Black should try} 33... Rxe5 $15 34. Bh7+ Kxh7 35. Rxe5 Qg6) 34. Bc6 $14 Bd7 35. Bxd7 Rxd7 36. Re4 Bf2 37. Ng4 (37. Rd5 $5 {[%cal Re5e6]} Bd4 38. Qc2 $11) 37... Bd4 $1 {[%cal Rd4c3]} 38. Rdxd4 cxd4 39. Qxd4 Re6 $1 {aiming for ...h5.} 40. c5 ({Don't go for} 40. Rxf4 $2 h5 $19) 40... bxc5 41. Qxc5 h5 {[#]} (41... f5 $1 $11 42. Qc8+ Qd8) 42. Nf6 $1 $16 {[%mdl 512]} gxf6 43. Qc8+ Kg7 44. Qxd7 {Qe7! is the strong threat.} fxe5 {[%mdl 4096] Endgame KQR-KQR} 45. Qc7 {Black must now prevent Re1.} Qf6 46. d7 Rd6 47. d8=Q (47. Kh2 $16) 47... Rxd8 $11 {The position is equal.} 48. Qxe5 Qxe5 49. Rxe5 {KR-KR} Kg6 $1 50. Ra5 Rd7 51. h4 f6 52. Kg1 Rb7 53. Kf2 Rb2+ 54. Kg1 Rb1+ 55. Kh2 Rb7 56. Ra4 Kf5 $1 57. Ra5+ Kg6 58. Ra4 {Precision: White = 44%, Black = 43%.} 1/2-1/2

[Event "EICC 2017"]
[Site "Minsk"]
[Date "2017.05.31"]
[Round "2"]
[White "Basso, Pier Luigi"]
[Black "Prohaszka, Peter"]
[Result "0-1"]
[WhiteElo "2447"]
[BlackElo "2596"]
[Annotator "TA"]
[PlyCount "58"]
[EventDate "2017.??.??"]
[EventCountry "BLR"]
[SourceTitle "playchess.com"]
[Source "ChessBase"]
[SourceQuality "1"]

{[%evp 17,58,29,32,27,36,32,34,15,37,31,35,23,35,8,13,15,2,-54,-37,-79,-83,-67,-58,-129,-128,-140,-124,-213,-189,-180,-154,-302,-286,-803,-803,-757,-742,-659,-658,-1213,-1213,-29987,-29984]} 1. d4 Nf6 2. c4 e6 3. Nc3 d5 4. Nf3 a6 5. cxd5 exd5 6. Bg5 {D37: Queen's Gambit Declined: 5 Bf4} Be6 7. e3 Nbd7 8. Bd3 Bd6 9. O-O O-O {LiveBook: 8 Games} 10. Qc2 h6 11. Bf4 Qe7 12. h3 $146 ({Predecessor:} 12. Bxd6 Qxd6 13. a3 Bg4 {0-1 (62) Riazantsev,A (2671)-Carlsen,M (2840) Doha 2016}) 12... Rfe8 13. Rac1 Rac8 14. Rfd1 c6 15. Na4 Bxf4 16. exf4 {f5 is the strong threat.} Ne4 17. b4 (17. Ne5 $11) 17... Qxb4 18. Rb1 Qd6 19. Rxb7 Qxf4 {Hoping for ...Bxh3!} 20. Bxa6 {[#]} (20. Re1 $1 $15) 20... Ra8 $1 $17 {[%cal Ra8a6]} 21. Bf1 {[#]} Bxh3 $1 {[%mdl 512]} 22. gxh3 (22. Nb6 $17 {was worth a try.} Nxb6 23. Rxb6) 22... Qxf3 23. Bg2 Qf5 {aiming for ...Rxa4!} 24. Rxd7 {[#]} (24. Nc3 $17 {keeps fighting.}) 24... Rxa4 $1 $19 ({Weaker is} 24... Qxd7 25. Nb6 $17) 25. Qxa4 $2 (25. Rb7 Rc4 26. Qe2) 25... Qxf2+ (25... Qxd7 $2 26. Qb3 $19) 26. Kh2 Qg3+ 27. Kg1 Nc3 {( -> ...Re2)} 28. Rd8 Rxd8 29. Qa5 Re8 {Precision: White = 21%, Black = 81%.} 0-1